000 00221 a2200085 4500
020 _a9783868597431
100 _a Peter Eckart
245 _aMobility Design: Shaping Future Mobility Volume 2: Research
260 _b JOVIS
_c2023
999 _c13609
_d13609